000 01471nam a2200337 i 4500
001 192836
003 SpMaBN
005 20250830013256.0
008 230530s2005 sp | ||| ||spa
016 7 _abimoBNE20050544441
_2SpMaBN
017 _aS 555-2005
_bOficina Depósito Legal Salamanca
020 _a8488265247
035 _a(OCoLC)433851221
040 _aSpMaBN
_bspa
_cSpMaBN
_erdc
_dES-MaACL
080 _a7.046.3(460)(083.824)
080 _a7.033.5/.035(460)(083.824)
245 0 0 _aInmaculada :
_bSanta Iglesia Catedral de Santa María la Real de la Almudena, Madrid, [mayo-octubre] 2005
260 _a[Valladolid] :
_bFundación "Las Edades del Hombre",
_c[2005]
300 _a406 páginas :
_bprincipalmente ilustraciones (color) ;
_c31 cm
504 _aBibliografía: páginas 373-403
585 _a"Exposición organizada por la Conferencia Episcopal Española; realizada y gestionada por Fundación Las Edades del Hombre"
650 0 _aArte religioso-
_zEspaña-
_vExposiciones
_2embne
_9226498
650 0 _aInmaculada Concepción-
_xIconografía-
_vExposiciones
_2embne
_9226499
655 7 _aCatálogos de exposiciones
_2tgfbne
_9193628
710 2 _aConferencia Episcopal Española
_93172
710 2 _aFundación Las Edades del Hombre
_9148337
_eedt
852 _aES-MaACL
_bR. 152774
_cDEPOJ
_hDonación: Editorial
_jN-8470
_xCartoné
942 _cMONOGRAFIA
_n0
999 _c192836
_d192836